Electronic warfare (Record no. 3153)

MARC details
000 -LEADER
fixed length control field 00463nam a2200181Ia 4500
008 - FIXED-LENGTH DATA ELEMENTS--GENERAL INFORMATION
fixed length control field 230917s9999||||xx |||||||||||||| ||und||
020 ## - ISBN
Price RS 1895.00
040 ## - CATALOGING SOURCE
-- 5004328
Original cataloging agency VIVEKANANDA LIBRARY
041 ## - Language
-- English
082 ## - DDC NUMBER
Classification number 355.4 K527E
100 ## - MAIN ENTRY--PERSONAL NAME
Personal name Khan, W
245 #0 - TITLE STATEMENT
Title Electronic warfare
250 ## - EDITION STATEMENT
Edition statement Latest edition / print ed.
260 ## - PUBLICATION, DISTRIBUTION, ETC. (IMPRINT)
Name of publisher, distributor, etc Sumit Enterprises
Date of publication, distribution, etc 2020
300 ## - PHYSICAL DESCRIPTION
Pages 366 p.
500 ## - GENERAL NOTE
General note 4158 25/10/2021 RK21/1247 31/10/221 Main Budget
942 ## - ADDED ENTRY ELEMENTS (KOHA)
Koha item type Books
Holdings
Withdrawn status Lost status Damaged status Not for loan Location (home branch) Sublocation or collection (holding branch) Date acquired Koha issues (times borrowed) Koha full call number Accession No. Koha date last seen Koha item type
        VIVEKANANDA LIBRARY VIVEKANANDA LIBRARY 01/01/2022   355.4 K527E 393064 17/09/2023 Books
© Designed and Maintained by Vivekananda Library, MDU Rohtak